000 00571nam a2200205Ia 4500
003 GCL
008 140319s9999 xx 000 0 ara d
040 _aGCL /
_cGCL
082 0 4 _a613.25
_bف ط
100 1 _aفريد حسن
245 1 0 _aالطريق الى الرشاقة /
_cفريد حسن
300 _a108 ص
490 _aالمكتبة الثقافية
_v0
650 0 4 _aالصحة العامة
650 0 4 _aالتغذية
650 0 4 _aالرجيم منخفض السعرات
650 0 4 _aالبدانة
650 0 4 _aالرشاقة
942 _2ddc
_cBK
999 _c50926
_d50926